000 00381nam a2200157Ia 4500
008 230524s9999 xx 000 0 und d
082 _a629.8092
_bKOH
100 _aZVI Kohavi
245 0 _aSwitching and Finite Automata Theory
250 _a2ND
260 _aNEW DELHI
_bTMH
_c2002
300 _aIX;653
500 _aQuantity Number: 2
650 _aElectronics
942 _cBK
999 _c33177
_d33177